The Puranas/ (Record no. 168743)
[ view plain ]
| 000 -LEADER | |
|---|---|
| fixed length control field | 00673nam a22002057a 4500 |
| 003 - CONTROL NUMBER IDENTIFIER | |
| control field | dpl |
| 005 - DATE AND TIME OF LATEST TRANSACTION | |
| control field | 20191023124658.0 |
| 008 - FIXED-LENGTH DATA ELEMENTS--GENERAL INFORMATION | |
| fixed length control field | 191023b ||||| |||| 00| 0 eng d |
| 010 ## - LIBRARY OF CONGRESS CONTROL NUMBER | |
| LC control number | A-716389 |
| 020 ## - INTERNATIONAL STANDARD BOOK NUMBER | |
| International Standard Book Number | 8170188067 |
| 040 ## - CATALOGING SOURCE | |
| Transcribing agency | 0 |
| 082 ## - DEWEY DECIMAL CLASSIFICATION NUMBER | |
| Classification number | 230.22 |
| Item number | DEB |
| 100 ## - MAIN ENTRY--PERSONAL NAME | |
| Personal name | Debroy, Bibek and Debroy, Dipavali |
| 245 ## - TITLE STATEMENT | |
| Title | The Puranas/ |
| Statement of responsibility, etc | Bibek Debroy and Dipavali Debroy |
| Medium | EN |
| 260 ## - PUBLICATION, DISTRIBUTION, ETC. (IMPRINT) | |
| Place of publication, distribution, etc | Delhi |
| Name of publisher, distributor, etc | B R Publishing Corporation |
| Date of publication, distribution, etc | 1994 |
| 270 ## - ADDRESS | |
| Address | 1, Ansari Road, Darya Ganj |
| City | New Delhi |
| Postal code | 110002 |
| Telephone number | 011-2361465 |
| Fax number | 091031326438 |
| Public note | Vol.2 |
| 300 ## - PHYSICAL DESCRIPTION | |
| Extent | i-xvii;553p. |
| Dimensions | 15cm |
| 500 ## - GENERAL NOTE | |
| General note | Contents with Glossary |
| 942 ## - ADDED ENTRY ELEMENTS (KOHA) | |
| Source of classification or shelving scheme | Dewey Decimal Classification |
| Koha item type | English Books |
| Classification part | 230.22 |
| Item part | DEB |
| Call number prefix | 230.22 |
| Call number suffix | DEB |
| Withdrawn status | Lost status | Source of classification or shelving scheme | Damaged status | Not for loan | Collection code | Home library | Current library | Shelving location | Date acquired | Source of acquisition | Total Checkouts | Full call number | Barcode | Date last seen | Price effective from | Koha item type |
|---|---|---|---|---|---|---|---|---|---|---|---|---|---|---|---|---|
| Dewey Decimal Classification | Non-fiction | Shahdara Branch | Shahdara Branch | General Stacks | 23/10/2019 | BPPD/PUB | 230.22 DEB | A-716389 | 23/10/2019 | 23/10/2019 | English Books |
